Văn học trên hành trình của thế kỷ XX
NV073 Văn học Việt Nam sau năm 1975
সংরক্ষণ করুন:
| প্রধান লেখক: | |
|---|---|
| বিন্যাস: | গ্রন্থ |
| ভাষা: | Undetermined |
| প্রকাশিত: |
H.
ĐHQGHN
1997
|
| বিষয়গুলি: | |
| অনলাইন ব্যবহার করুন: | http://lrc.tdmu.edu.vn/opac/search/detail.asp?aID=2&ID=6992 |
| ট্যাগগুলো: |
ট্যাগ যুক্ত করুন
কোনো ট্যাগ নেই, প্রথমজন হিসাবে ট্যাগ করুন!
|
| Thư viện lưu trữ: | Trung tâm Học liệu Trường Đại học Thủ Dầu Một |
|---|
| LEADER | 00661nam a2200205Ia 4500 | ||
|---|---|---|---|
| 001 | TDMU_6992 | ||
| 008 | 210410s9999 xx 000 0 und d | ||
| 082 | |a 895.92209 | ||
| 090 | |b PH431 | ||
| 100 | |a Phong Lê | ||
| 245 | 0 | |a Văn học trên hành trình của thế kỷ XX | |
| 245 | 0 | |c Phong Lê | |
| 260 | |a H. | ||
| 260 | |b ĐHQGHN | ||
| 260 | |c 1997 | ||
| 300 | |a 505tr | ||
| 520 | |a NV073 Văn học Việt Nam sau năm 1975 | ||
| 650 | |a Văn học Việt Nam; Văn học thế kỷ XX | ||
| 856 | |u http://lrc.tdmu.edu.vn/opac/search/detail.asp?aID=2&ID=6992 | ||
| 980 | |a Trung tâm Học liệu Trường Đại học Thủ Dầu Một | ||